[Event "Warsaw Maciei Memorial Blitz"]
[Site "Warsaw"]
[Date "2024.07.08"]
[Round "3"]
[White "Heberla, Bartlomiej"]
[Black "Stefaniuk, Zbigniew"]
[Result "1-0"]
[WhiteElo "2515"]
[BlackElo "1911"]
[PlyCount "65"]
[EventDate "2024.07.08"]
[EventType "swiss (blitz)"]
[EventRounds "11"]
[EventCountry "POL"]
[SourceTitle "CBM 221 Extra"]
[Source "ChessBase"]
[SourceDate "2024.09.30"]
[SourceVersion "1"]
[SourceVersionDate "2024.09.30"]
[SourceQuality "1"]

1. Nf3 d5 2. e3 Nf6 3. c4 c6 4. Nc3 g6 5. d4 Bg7 6. Be2 0-0 7. 0-0 Bf5 8. Qb3 Qb6 9. c5 Qc7 10. Nh4 Nbd7 11. Nxf5 gxf5 12. f3 e5 13. Qc2 e4 14. fxe4 fxe4 15. Bd2 b6 16. cxb6 axb6 17. Be1 c5 18. Bg3 Qc8 19. Nb5 Ne8 20. Bg4 Qb7 21. Bd6 Nxd6 22. Nxd6 Qc6 23. Nf5 Qc7 24. Ne7+ Kh8 25. Nxd5 Qd6 26. Qxe4 cxd4 27. exd4 Rae8 28. Qf5 Bxd4+ 29. Kh1 Nc5 30. Qh5 Re5 31. Bf5 h6 32. Rad1 Qxd5 33. Qxh6+ 1-0

[Event "Warsaw Maciei Memorial Blitz"]
[Site "Warsaw"]
[Date "2024.07.08"]
[Round "7"]
[White "Klim, Filip"]
[Black "Stefaniuk, Zbigniew"]
[Result "1-0"]
[WhiteElo "2000"]
[BlackElo "1911"]
[PlyCount "53"]
[EventDate "2024.07.08"]
[EventType "swiss (blitz)"]
[EventRounds "11"]
[EventCountry "POL"]
[SourceTitle "CBM 221 Extra"]
[Source "ChessBase"]
[SourceDate "2024.09.30"]
[SourceVersion "1"]
[SourceVersionDate "2024.09.30"]
[SourceQuality "1"]

1. e4 d5 2. exd5 Nf6 3. d4 Nxd5 4. Nf3 g6 5. c4 Nb6 6. Nc3 Bg7 7. Be3 0-0 8. Be2 Nc6 9. 0-0 Bg4 10. d5 Na5 11. c5 Nbc4 12. Bd4 Bxf3 13. Bxf3 Nxb2 14. Qd2 Nac4 15. Qf4 e5 16. dxe6 Qxd4 17. exf7+ Kh8 18. Ne4 Nd3 19. Qh4 Nde5 20. Rad1 Nxf3+ 21. gxf3 Qe5 22. Ng5 h6 23. f4 Qf5 24. Rfe1 Rad8 25. Rxd8 Rxd8 26. Re8+ Bf8 27. Qxh6# 1-0

[Event "Warsaw Maciei Memorial Blitz"]
[Site "Warsaw"]
[Date "2024.07.08"]
[Round "8"]
[White "Stefaniuk, Zbigniew"]
[Black "Smal, Tobiasz"]
[Result "1-0"]
[WhiteElo "1911"]
[BlackElo "2002"]
[PlyCount "53"]
[EventDate "2024.07.08"]
[EventType "swiss (blitz)"]
[EventRounds "11"]
[EventCountry "POL"]
[SourceTitle "CBM 221 Extra"]
[Source "ChessBase"]
[SourceDate "2024.09.30"]
[SourceVersion "1"]
[SourceVersionDate "2024.09.30"]
[SourceQuality "1"]

1. e4 g6 2. d4 Bg7 3. Nc3 d6 4. Be3 Nf6 5. f3 0-0 6. Qd2 Nc6 7. h4 e5 8. Nge2 exd4 9. Nxd4 Nxd4 10. Bxd4 h5 11. 0-0-0 Be6 12. Kb1 a6 13. Nd5 Bxd5 14. exd5 Re8 15. Bd3 Nd7 16. Bxg7 Kxg7 17. g4 Rh8 18. Qc3+ Kg8 19. Rdg1 Ne5 20. gxh5 Rxh5 21. f4 Nf3 22. Bxg6 Nxg1 23. Bxh5 Ne2 24. Bxe2 f6 25. Rg1+ Kf7 26. Bh5+ Kf8 27. Qg3 1-0

[Event "Warsaw Maciei Memorial Blitz"]
[Site "Warsaw"]
[Date "2024.07.08"]
[Round "6"]
[White "Stefaniuk, Zbigniew"]
[Black "Wiech, Grzegorz"]
[Result "1/2-1/2"]
[WhiteElo "1911"]
[BlackElo "2106"]
[PlyCount "75"]
[EventDate "2024.07.08"]
[EventType "swiss (blitz)"]
[EventRounds "11"]
[EventCountry "POL"]
[SourceTitle "CBM 221 Extra"]
[Source "ChessBase"]
[SourceDate "2024.09.30"]
[SourceVersion "1"]
[SourceVersionDate "2024.09.30"]
[SourceQuality "1"]

1. e4 c5 2. Nf3 d6 3. Bb5+ Bd7 4. Bxd7+ Qxd7 5. 0-0 Nf6 6. Re1 Nc6 7. c3 e6 8. d4 d5 9. e5 Ne4 10. Nbd2 Nxd2 11. Bxd2 cxd4 12. cxd4 Be7 13. Rc1 0-0 14. h4 Rac8 15. h5 h6 16. Bf4 Nb4 17. a3 Rxc1 18. Bxc1 Nc6 19. Bf4 Rc8 20. Qd2 Kh7 21. Rc1 Nd8 22. Qd3+ Kg8 23. Qd2 Rxc1+ 24. Qxc1 Bf8 25. g4 Nc6 26. g5 hxg5 27. Bxg5 Ne7 28. h6 gxh6 29. Bxh6 Bxh6 30. Qxh6 Nf5 31. Qg5+ Kf8 32. Qf6 Qc7 33. Qh8+ Ke7 34. Qf6+ Kf8 35. Qh8+ Ke7 36. Qf6+ Ke8 37. Qh8+ Ke7 38. Qf6+ 1/2-1/2

[Event "Warsaw Najdorf Memorial op-B"]
[Site "Warsaw"]
[Date "2023.07.14"]
[Round "4"]
[White "Szefer, Michal"]
[Black "Stefaniuk, Zbigniew"]
[Result "1/2-1/2"]
[WhiteElo "1863"]
[BlackElo "1721"]
[PlyCount "60"]
[EventDate "2023.07.11"]
[EventType "swiss"]
[EventRounds "9"]
[EventCountry "POL"]
[SourceTitle "EXT 2024"]
[Source "ChessBase"]
[SourceDate "2023.10.10"]
[SourceVersion "1"]
[SourceVersionDate "2023.10.10"]
[SourceQuality "1"]

1. Nf3 Nf6 2. g3 g6 3. Bg2 Bg7 4. 0-0 0-0 5. c4 c6 6. d4 d5 7. b3 a5 8. Nc3 Ne4 9. Bb2 a4 10. Nxa4 dxc4 11. Ne5 Nd6 12. d5 cxd5 13. Bxd5 Bh3 14. Re1 cxb3 15. axb3 Nd7 16. Nxd7 Bxd7 17. Bxg7 Kxg7 18. Nc5 Bc6 19. Bxc6 bxc6 20. Rxa8 Qxa8 21. Qd4+ Kg8 22. Ra1 Qc8 23. Qe5 Qc7 24. Ra6 Rc8 25. Qa1 Nb5 26. e4 Qd6 27. b4 e5 28. Kg2 Rb8 29. Ra8 Rxa8 30. Qxa8+ Kg7 1/2-1/2

[Event "Warsaw Maciei Memorial"]
[Site "Warsaw"]
[Date "2023.07.10"]
[Round "6"]
[White "Jedrusik, Adam"]
[Black "Stefaniuk, Zbigniew"]
[Result "1-0"]
[WhiteElo "1970"]
[BlackElo "1721"]
[PlyCount "117"]
[EventDate "2023.07.10"]
[EventType "swiss (blitz)"]
[EventRounds "11"]
[EventCountry "POL"]
[SourceTitle "CBM 215 Extra"]
[Source "ChessBase"]
[SourceDate "2023.09.30"]
[SourceVersion "1"]
[SourceVersionDate "2023.09.30"]
[SourceQuality "1"]

1. d4 Nf6 2. c4 d6 3. Nc3 e5 4. d5 Be7 5. e4 Nbd7 6. Be3 Nc5 7. f3 a5 8. Bd3 Nh5 9. Nge2 Bg5 10. Bf2 Nf4 11. Nxf4 Bxf4 12. Ne2 Qg5 13. Nxf4 exf4 14. Rg1 Nxd3+ 15. Qxd3 0-0 16. 0-0-0 f5 17. Bd4 fxe4 18. fxe4 f3+ 19. Be3 Qf6 20. gxf3 Qxf3 21. Qd4 Qf6 22. Qxf6 Rxf6 23. Bd4 Rf7 24. h4 Bd7 25. Rdf1 Raf8 26. Rxf7 Rxf7 27. Kd2 Bc8 28. Ke3 Bd7 29. a3 Bc8 30. b4 b6 31. bxa5 bxa5 32. Bc3 Ba6 33. Kd4 a4 34. Rb1 Rf3 35. Rb8+ Kf7 36. Ra8 Bb7 37. Ra7 Bc8 38. Rxc7+ Kg6 39. Rxc8 Kh5 40. Rd8 Kxh4 41. Rxd6 g5 42. Rh6+ Kg3 43. Rxh7 g4 44. Bb4 Kg2 45. Ra7 g3 46. Bd6 Kg1 47. Bxg3 Rxg3 48. Rxa4 Kf2 49. c5 Kf3 50. c6 Rg4 51. Ke5 Rg5+ 52. Kd6 Rg8 53. c7 Rf8 54. Kd7 Rf7+ 55. Kc6 Rf8 56. Kb7 Rf7 57. Kb8 Rf8+ 58. c8Q Rxc8+ 59. Kxc8 1-0

[Event "Warsaw Maciei Memorial"]
[Site "Warsaw"]
[Date "2023.07.10"]
[Round "1"]
[White "Stefaniuk, Zbigniew"]
[Black "Bartel, Mateusz"]
[Result "0-1"]
[WhiteElo "1721"]
[BlackElo "2614"]
[PlyCount "58"]
[EventDate "2023.07.10"]
[EventType "swiss (blitz)"]
[EventRounds "11"]
[EventCountry "POL"]
[SourceTitle "CBM 215 Extra"]
[Source "ChessBase"]
[SourceDate "2023.09.30"]
[SourceVersion "1"]
[SourceVersionDate "2023.09.30"]
[SourceQuality "1"]

1. e4 c6 2. d4 d5 3. Nc3 dxe4 4. Nxe4 Nf6 5. Nxf6+ exf6 6. Bc4 Be7 7. Nf3 0-0 8. 0-0 Bg4 9. c3 Nd7 10. Re1 Nb6 11. Bd3 Bd6 12. h3 Bh5 13. a4 Bc7 14. Qc2 Bxf3 15. Bxh7+ Kh8 16. gxf3 g6 17. Bh6 Kxh7 18. Bxf8 Qxf8 19. Qe4 Qd6 20. Qh4+ Kg7 21. Kf1 Rh8 22. Qg4 f5 23. Qg2 Nd5 24. Rad1 Nf4 25. Qg3 Rxh3 26. Qg1 Qd5 27. Re3 Rxf3 28. Rxf3 Qxf3 29. Re1 Qh3+ 0-1

[Event "Warsaw Szansa op"]
[Site "Warsaw"]
[Date "2022.09.18"]
[Round "11"]
[White "Stefaniuk, Zbigniew"]
[Black "Lewandowski, Rafal"]
[Result "1/2-1/2"]
[WhiteElo "1608"]
[BlackElo "2183"]
[PlyCount "61"]
[EventDate "2022.09.17"]
[EventType "swiss (rapid)"]
[EventRounds "11"]
[EventCountry "POL"]
[SourceTitle "EXT 2023"]
[Source "ChessBase"]
[SourceDate "2022.10.05"]
[SourceVersion "1"]
[SourceVersionDate "2022.10.05"]
[SourceQuality "1"]

1. e4 c5 2. Nf3 e6 3. d4 cxd4 4. Nxd4 a6 5. Bd3 Bc5 6. Nb3 Ba7 7. 0-0 Nc6 8. Qe2 d6 9. Be3 Nf6 10. N1d2 0-0 11. h3 e5 12. c3 Be6 13. Rad1 b5 14. c4 b4 15. c5 a5 16. Bb5 Nd4 17. Bxd4 exd4 18. Nxd4 Bxc5 19. Nxe6 fxe6 20. Nb3 Qb6 21. Bc4 d5 22. Nxc5 Qxc5 23. exd5 exd5 24. Bxd5+ Nxd5 25. Qe6+ Kh8 26. Qxd5 Qe7 27. Rfe1 Qf6 28. Qd4 Qf7 29. Qd5 Qf6 30. Qd4 Qf7 31. Qd5 1/2-1/2

[Event "Warsaw Najdorf Memorial op-B"]
[Site "Warsaw"]
[Date "2022.07.09"]
[Round "1"]
[White "Stefaniuk, Zbigniew"]
[Black "Dzierzgowska, Jagoda"]
[Result "1-0"]
[WhiteElo "1702"]
[BlackElo "1277"]
[PlyCount "63"]
[EventDate "2022.07.09"]
[EventType "swiss"]
[EventRounds "9"]
[EventCountry "POL"]
[SourceTitle "CBM 209 Extra"]
[Source "ChessBase"]
[SourceDate "2022.09.30"]
[SourceVersion "1"]
[SourceVersionDate "2022.09.30"]
[SourceQuality "1"]

1. e4 e6 2. d4 d5 3. Nd2 c5 4. exd5 exd5 5. Ngf3 Nc6 6. Bb5 Qb6 7. Qe2+ Be7 8. dxc5 Qxc5 9. Nb3 Qd6 10. 0-0 h6 11. Re1 a6 12. Bxc6+ bxc6 13. Be3 Qe6 14. Bc5 Qxe2 15. Rxe2 Be6 16. Nfd4 Kd7 17. Bxe7 Nxe7 18. Nc5+ Kd6 19. Ncxe6 fxe6 20. Rxe6+ Kd7 21. Rae1 Rae8 22. Nb3 Kd8 23. Nc5 a5 24. Nb7+ Kd7 25. Nd6 Ref8 26. Rxe7+ Kxd6 27. R1e6+ Kc5 28. Rxg7 Rb8 29. b3 a4 30. Rgg6 Rb6 31. Rxh6 Rxh6 32. Rxh6 1-0

[Event "Rubinstein Memorial op-D 57th"]
[Site "Polanica Zdroj"]
[Date "2021.08.21"]
[Round "8"]
[White "Stefaniuk, Zbigniew"]
[Black "Krawiec, Grzegorz"]
[Result "1/2-1/2"]
[WhiteElo "1506"]
[BlackElo "1836"]
[PlyCount "60"]
[EventDate "2021.08.14"]
[EventType "swiss"]
[EventRounds "9"]
[EventCountry "POL"]
[SourceTitle "CBM 204 Extra"]
[Source "ChessBase"]
[SourceDate "2021.11.30"]
[SourceVersion "1"]
[SourceVersionDate "2021.11.30"]
[SourceQuality "1"]

1. d4 Nf6 2. c4 e6 3. Nf3 Bb4+ 4. Nbd2 d6 5. a3 Bxd2+ 6. Bxd2 Nbd7 7. Bg5 0-0 8. e3 Qe7 9. Be2 e5 10. 0-0 Re8 11. b4 exd4 12. Nxd4 a6 13. Bf3 Ne5 14. Rc1 Rb8 15. Qe2 h6 16. Bxf6 Qxf6 17. Rfd1 Nxf3+ 18. Qxf3 Qxf3 19. Nxf3 Bg4 20. Rd4 Bxf3 21. gxf3 Kf8 22. c5 dxc5 23. Rxc5 c6 24. Rc3 Rbd8 25. Rcd3 Rxd4 26. Rxd4 Ke7 27. Kf1 Rd8 28. Re4+ Kd6 29. Ke2 Kc7 30. Re7+ Rd7 1/2-1/2

[Event "Mazowiec-chT op 1718"]
[Site "Warsaw"]
[Date "2018.02.18"]
[Round "7.12"]
[White "Stefaniuk, Zbigniew"]
[Black "Bartczak, Hanna"]
[Result "0-1"]
[WhiteElo "1120"]
[BlackElo "1374"]
[PlyCount "46"]
[EventDate "2017.12.03"]
[EventType "team-swiss"]
[EventRounds "10"]
[EventCountry "POL"]
[SourceTitle "EXT 2020"]
[Source "ChessBase"]
[SourceDate "2019.10.17"]
[SourceVersion "1"]
[SourceVersionDate "2019.10.17"]
[SourceQuality "1"]

1. c4 Nf6 2. Nc3 g6 3. e4 d6 4. d4 Bg7 5. f4 0-0 6. Be2 c5 7. d5 Nbd7 8. Be3 a6 9. Nf3 Qa5 10. Qd2 Ng4 11. Bg1 Rb8 12. h3 Ngf6 13. g4 b5 14. cxb5 axb5 15. Bd3 c4 16. Bc2 b4 17. Ne2 Nc5 18. Bxc5 Qxc5 19. Ng3 Ra8 20. g5 Nd7 21. Bb1 c3 22. Qc1 cxb2 23. Qxc5 Nxc5 0-1